Biblioteka Instytutu Północnego w Olsztynie

Widok standardowy Widok MARC

Pozycja Personal Name

Liczba rekordów, w których użyto hasła: 1

001 - Numer kontrolny

  • control field: 40333

003 - Identyfikator numeru kontrolnego

  • control field: NUKAT

005 - Data i czas ostatniej modyfikacji

  • control field: 20260421104723.0

008 - Dane kontrolne kodowane (40 znaków)

  • fixed length control field: 940317n||a|znnaabn |a aaa |c

010 ## - Numer kontrolny Biblioteki Kongresu

  • numer kontrolny LC: n 93081100

040 ## - Instytucja sporządzająca rekord

  • inst. przygot. dane do rek. khw: WA U/EB
  • język haseł przedmiotowych/tezaurus: kaba
  • inst. wprow. rek. khw: GD U/Kakar
  • inst. modyf. rek. khw: WA U/EBA
  • inst. modyf. rek. khw: WA U/KD
  • inst. modyf. rek. khw: WA N/PBmkr
  • inst. modyf. rek. khw: KR 295/JSs
  • inst. modyf. rek. khw: Ł 177/AJ
  • inst. modyf. rek. khw: WA 004/ac
  • inst. modyf. rek. khw: WA 732/AR

100 1# - Hasło - nazwa osobowa

  • nazwa osobowa w formie ujednoliconej: Jędraszewski, Marek
  • daty biograficzne: (1949- ).

670 ## - Źródło informacji

  • źródło informacji: Duch.'91

670 ## - Źródło informacji

  • źródło informacji: Kp. X ważnych rozmów / Marek Jędraszewski odpowiada na pytania Marianny Wielgosz. - Poznań, cop. 2005.

670 ## - Źródło informacji

  • źródło informacji: Człowiek drogą (do) Boga / Marek Jędraszewski. - Poznań, 2010.
  • gdzie znaleziono informację: (wykładowca UAM w Poznaniu)

670 ## - Źródło informacji

  • źródło informacji: Kp. Filozofia Chrześcijańska / pod red. Marka Jędraszewskiego. - Poznań, T. 1 (2004).

670 ## - Źródło informacji

  • źródło informacji: pl.wikipedia, 04.12.2018
  • adres internetowy: https://pl.wikipedia.org/wiki/Marek_J%C4%99draszewski

670 ## - Źródło informacji

  • źródło informacji: Kp. Przewodnik Katolicki / red. ks. Marek Jędraszewski. - Poznań, nr 44 (1990).

670 ## - Źródło informacji

  • źródło informacji: OPI online
  • gdzie znaleziono informację: (nauki filozoficzne, nauki teologiczne ; antropologia, historia filozofii)
Biblioteka Instytutu Północnego, ul. Partyzantów 87, 10-402 Olsztyn, email: biblioteka(at)ip.olsztyn.pl